[Event "BRA-chT Inter-Clubes 12th"]
[Site "Curitiba"]
[Date "1993.09.??"]
[Round "5"]
[White "Correa, Aron Antunes"]
[Black "Matsuura, Horacio"]
[Result "1-0"]
[WhiteElo "2365"]
[BlackElo "2230"]
[PlyCount "87"]
[EventDate "1993.09.04"]
[EventType "team-swiss"]
[EventRounds "8"]
[EventCountry "BRA"]
[SourceTitle "EXT 2022"]
[Source "ChessBase"]
[SourceDate "2021.10.06"]
[SourceVersion "1"]
[SourceVersionDate "2021.10.06"]
[SourceQuality "1"]
[WhiteTeam "Pinheiros EC"]
[BlackTeam "Jaraguaense CX"]
[WhiteTeamCountry "BRA"]
[BlackTeamCountry "BRA"]

1. d4 Nf6 2. Nf3 g6 3. c4 Bg7 4. Nc3 d6 5. g3 0-0 6. Bg2 Nc6 7. 0-0 a6 8. h3 Rb8 9. Be3 b5 10. Nd2 Na5 11. cxb5 axb5 12. b4 Nc4 13. Nxc4 bxc4 14. b5 d5 15. a4 e6 16. Bf4 Nh5 17. Bc1 Bd7 18. Ba3 Re8 19. Bc5 Nf6 20. Qd2 c6 21. b6 Rxb6 22. Bxb6 Qxb6 23. a5 Qa7 24. Na4 Rb8 25. Rfb1 Rb5 26. Nc5 Be8 27. a6 Nd7 28. Rxb5 cxb5 29. Nxd7 Bxd4 30. Rf1 Bxd7 31. e4 e5 32. Qg5 Kg7 33. Qe7 dxe4 34. Bxe4 Be6 35. Qxa7 Bxa7 36. Rb1 Bd7 37. Rd1 Be6 38. Rd8 b4 39. Ra8 Bd4 40. a7 Bxa7 41. Rxa7 b3 42. Rc7 b2 43. g4 c3 44. Bb1 1-0

[Event "BRA-ch sf"]
[Site "Belo Horizonte"]
[Date "1993.08.??"]
[Round "3"]
[White "Correa, Aron Antunes"]
[Black "Rocha, Wellington Carlos"]
[Result "0-1"]
[WhiteElo "2370"]
[BlackElo "2275"]
[PlyCount "76"]
[EventDate "1993.08.02"]
[EventType "swiss"]
[EventRounds "9"]
[EventCountry "BRA"]
[SourceTitle "EXT 2022"]
[Source "ChessBase"]
[SourceDate "2021.10.06"]
[SourceVersion "1"]
[SourceVersionDate "2021.10.06"]
[SourceQuality "1"]

1. c4 e5 2. g3 Nf6 3. Bg2 d5 4. cxd5 Nxd5 5. Nc3 Nb6 6. Nf3 Nc6 7. a3 a5 8. b3 Be7 9. 0-0 0-0 10. d3 Be6 11. Bb2 f6 12. Rc1 Rf7 13. Nd2 Qf8 14. Nb5 Bd6 15. Nxd6 cxd6 16. Nc4 Ra6 17. f4 Bd5 18. e4 Be6 19. f5 Bxc4 20. dxc4 Nd7 21. Bc3 Qd8 22. Kh1 Qb6 23. b4 axb4 24. axb4 Nd4 25. Bxd4 Qxd4 26. Qb3 Qa7 27. Rcd1 Ra3 28. Qb2 Nb6 29. Rc1 Ra2 30. Qb1 Qa6 31. Qd3 Rd7 32. Rfd1 Qa4 33. Rd2 Ra3 34. Qe2 Qxb4 35. Qh5 Ra8 36. Rdc2 Na4 37. c5 Nxc5 38. Qe2 Ra3 0-1